000 00519nam a2200193Ia 4500
003 IN-BaIIA
008 211028s9999 xx 000 0 eng d
040 _cIIA Library
080 _a531.788
_bLEC
100 _aLeck, J. H
_97372
245 0 _aPressure measurement in vacuum systems
_cJ. H. Leck
260 _aNew York
_bChapman and Hall
_c1964
300 _axii, 221p.
490 _aScience paperbacks
650 _aNASA thesaurus
650 _aPressure measurement
_97373
650 _aVacuum systems
942 _cBK
999 _c4196
_d4196